| 000 | 01149nam0a22002891 4500 | ||
|---|---|---|---|
| 001 | v19\rc\2029321 | ||
| 005 | 20260406205106.0 | ||
| 035 | _a(NLR Aleph) 005109396 | ||
| 090 |
_a7476861 _c7476861 |
||
| 100 | _a20080925d1916 u y0rusy50 ca | ||
| 101 | 0 | _arus | |
| 102 | _aRU | ||
| 105 | _ay g ||||| | ||
| 200 | 1 |
_aСправочник о пенсиях и пособиях нижним воинским чинам и их семействам _fСост. Юрид. отд. Петрогр. обл. ком. _gВсерос. союз городов. Петрогр. гор. ком. |
|
| 210 |
_aПетроград _cтип. "Правда" _d1916 |
||
| 215 |
_a80 с. _d17 |
||
| 712 | 0 | 2 |
_aВсероссийский союз городов _bПетроградский областной комитет _bЮридический отдел _9427552 _3RU\NLR\AUTH\889965648 |
| 801 | 0 |
_aRU _bNLR _gpsbo |
|
| 801 | 0 |
_aRU _bRuMoRGB _2psbo |
|
| 801 | 1 |
_aRU _bProSoft-M _2rusmarc |
|
| 852 |
_aNLR _j37.59.4.506 |
||
| 899 |
_aRuMoRGB _jP 79/209 |
||
| 899 |
_aRuMoRGB _jЪ 36/539 |
||
| 899 |
_aRuMoRGB _jЪ 404/345 |
||
| 899 | _aГПИБ | ||
| 942 | _cBOOK | ||
| 980 | _aNB | ||